Model proaktívneho krízového riadenia priemyselných podnikov

Úloha a význam krízového controllingu nadobúda nové rozmery v období globálnej hospodárskej krízy, ktorá je jedným z faktorov vzniku podnikovej krízy. Vplyv externého prostredia na činnosť a budúcnosť podniku predstavuje významný faktor, ktorý vytvára príležitosti, ale aj riziká. Pre dlhodobú efektí...

Descripción completa

Guardado en:
Detalles Bibliográficos
Autor principal: Kádárová, Jaroslava
Otros Autores: Turisová, Renáta
Formato: Capítulo de libro
Lenguaje:eslovaco
Materias:
Etiquetas: Agregar Etiqueta
Sin Etiquetas, Sea el primero en etiquetar este registro!

MARC

LEADER 00000nla a2200000 4500
001 0190238
005 20220719100854.5
041 0 |a slo 
044 |a SK 
245 1 0 |a Model proaktívneho krízového riadenia priemyselných podnikov  |c Jaroslava Kádárová, Renáta Turisová 
520 |a Úloha a význam krízového controllingu nadobúda nové rozmery v období globálnej hospodárskej krízy, ktorá je jedným z faktorov vzniku podnikovej krízy. Vplyv externého prostredia na činnosť a budúcnosť podniku predstavuje významný faktor, ktorý vytvára príležitosti, ale aj riziká. Pre dlhodobú efektívnosť podniku je nevyhnutné monitorovať interné a externé rizikové faktory, ktoré vplývajú na podnik. 
610 2 0 |a podnik priemyselný 
610 2 0 |a riziko podnikateľské 
610 2 0 |a kontroling 
610 2 0 |a kontroling strategický 
610 2 0 |a manažment strategický 
610 2 0 |a stratégia podniková 
100 1 |a Kádárová, Jaroslava 
700 1 |a Turisová, Renáta